Trouve ces personnages de SNK - Statistiques

Statistiques générales
  • Ce quiz a été pris 2 709 fois
  • Le résultat moyen est 14 sur 16
Statistiques - réponses
Par images Réponse % Correct
Eren
100%
Mikasa
99%
Armin
98%
Livai
97%
Jean
96%
Annie
93%
Sasha
93%
Reiner
92%
Conny
91%
Erwin
91%
Historia
89%
Ymir
85%
Kenny
80%
Gaby
79%
Bertolt
75%
Hansi
74%
Aucun quiz correspondant
Distribution des résultats
% des personnes avec chaque résultat
Percentile par nombre de réponses
Votre historique - résultats
Vous n’avez pas pris ce quiz